A Ideia de Paz e a Agressividade Humana (Registo nº 248)
[ vista simples ]
| 000 -Etiqueta do registo | |
|---|---|
| Valores | 00560nam a22001811i 4500 |
| 090 ## - | |
| -- | 248 |
| 100 ## - Dados gerais de processamento | |
| Dados gerais | 20170304u u u0frey50 ba |
| 101 0# - Língua de publicação | |
| -- | por |
| 200 1# - Titulo e menção de responsabilidade | |
| Primeira menção de responsabilidade | Alexander Mitscherlich |
| Título próprio | A Ideia de Paz e a Agressividade Humana |
| 215 ## - Descrição física | |
| Paginação / Volumes | 143[1]p |
| Dimensões | 21cm |
| 210 ## - Publicação | |
| Nome do editor | Dom Quixote |
| Local de publicação | Lisboa |
| Data de publicação | 1971 |
| 225 2# - Colecção | |
| Título próprio da colecção | Vector |
| Indicação de volume | 7 |
| 410 #0 - | |
| -- | Vector |
| 700 #1 - Autor principal (pessoa individual) | |
| Apelido | Mitscherlich |
| Nome | Alexander |
| -- | 070 |
| 702 #1 - Autor secundário (pessoa individual) | |
| Apelido | Rosa |
| Nome | Jorge |
| -- | 730 |
| ID Autoridade | 2134 |
| 996 ## - ISO2709 | |
| -- | 0000281 |
| -- | MIT |
| -- | 00000000 |
| -- | 00000000 |
| -- | BMVA |
| -- | 1 |
| -- | Viana do Alentejo |
| -- | Política Estrangeira |
| -- | 32 |
| -- | Livro |
| -- | 0 |
| -- | 1 |
| 990 ## - Elementos KOHA | |
| Tipo de documento | Livro |
| Situação do levantamento | Estado | Biblioteca de origem | Biblioteca de empréstimo | Código de barras | Cota | Permissão de empréstimo | Tipo de documento | Nota relativa ao exemplar |
|---|---|---|---|---|---|---|---|---|
| Completo | Biblioteca Municipal de Viana Do Alentejo | Biblioteca Municipal de Viana Do Alentejo | 0000283 | 159.9 MIT | Disponível | Livro | Em depósito caixa 34 VNT |